[Event "Chess24 Banter Blitz Cup"]
[Site "chess24.com INT"]
[Date "2020.02.28"]
[Round "2.11"]
[White "Oleksiyenko, Mykhaylo"]
[Black "Firouzja, Alireza"]
[Result "0-1"]
[WhiteTitle "GM"]
[BlackTitle "GM"]
[WhiteElo "2594"]
[BlackElo "2702"]
[WhiteFideId "4152417"]
[BlackFideId "12573981"]
[EventDate "2019.09.25"]
[EventType "blitz"]

1. d4 Nf6 2. c4 e6 3. g3 Nc6 4. Nf3 Rb8 5. Nc3 a6 6. d5 Ne7 7. Bg2 d6 8. O-O e5
9. e4 h6 10. Ne1 g5 11. Nd3 Ng6 12. b4 Bg7 13. c5 O-O 14. a4 Bd7 15. a5 Qe7 16.
Ba3 Rfc8 17. Rb1 Qe8 18. Qb3 h5 19. b5 h4 20. cxd6 cxd6 21. Bxd6 Ra8 22. b6 Bf8
23. Bc7 h3 24. Bf3 g4 25. Be2 Nh7 26. Rbc1 Ng5 27. Qd1 f5 28. exf5 Bxf5 29. Bxg4
Qd7 30. Bxf5 Qxf5 31. f3 Bh6 32. Qe2 Rf8 33. Kh1 Nxf3 34. Rcd1 Rae8 35. Ne4 Rf7
36. d6 Ref8 37. Qa2 Kg7 38. Qd5 Qh5 39. d7 Nd2 40. Rxf7+ Rxf7 41. Bxe5+ Nxe5 42.
Qxe5+ Qxe5 43. Nxe5 Rxd7 44. Nxd7 Nxe4 45. Re1 Nf2+ 46. Kg1 Nd3 47. Rd1 Nb2 48.
Rd4 Be3+ 49. Kf1 Bxd4 50. Ke2 Kf7 0-1

[Event "Chess24 Banter Blitz Cup"]
[Site "chess24.com INT"]
[Date "2020.02.25"]
[Round "3.1"]
[White "Cheparinov, Ivan"]
[Black "Saric, Ivan"]
[Result "1-0"]
[WhiteTitle "GM"]
[BlackTitle "GM"]
[WhiteElo "2670"]
[BlackElo "2667"]
[WhiteFideId "2905540"]
[BlackFideId "14508150"]
[EventDate "2019.09.25"]
[EventType "blitz"]

1. d4 Nf6 2. c4 g6 3. Nf3 Bg7 4. g3 c6 5. Bg2 Qa5+ 6. Qd2 Qxd2+ 7. Bxd2 d6 8.
Nc3 O-O 9. O-O Na6 10. Rac1 Rd8 11. Rfd1 Bf5 12. Nh4 Be6 13. b3 d5 14. c5 Ne4
15. Nf3 Nxd2 16. Rxd2 h6 17. a3 b6 18. b4 bxc5 19. dxc5 Nc7 20. Nd4 Bd7 21. Nb3
e5 22. Na5 Rab8 23. Rcd1 f5 24. Nxd5 cxd5 25. Bxd5+ Kf8 26. Bc6 Bxc6 27. Rxd8+
Rxd8 28. Rxd8+ Be8 29. Rc8 Nb5 30. a4 Nd4 31. b5 Nxe2+ 32. Kf1 Nd4 33. b6 axb6
34. cxb6 e4 35. Nc4 Ke7 36. b7 Nc6 37. Rxc6 Bxc6 38. b8=Q Bd7 39. Qd6+ Ke8 40.
Nb6 Bxa4 41. Nxa4 Kf7 42. Nc5 Bf6 43. Qe6+ Kg7 44. Nd7 g5 45. Qxf6+ Kh7 46.
Qxf5+ Kg7 47. Qxe4 Kg8 48. Qf5 Kg7 49. Qf6+ Kg8 50. Qg6+ Kh8 51. Qxh6+ Kg8 52.
Qxg5+ Kf7 53. Qf6+ Ke8 54. Qe6+ Kd8 55. Nf6 Kc7 56. Qd5 Kb8 57. Qc6 Ka7 58. Nd5 1-0

[Event "Chess24 Banter Blitz Cup"]
[Site "chess24.com INT"]
[Date "2020.02.25"]
[Round "3.2"]
[White "Saric, Ivan"]
[Black "Cheparinov, Ivan"]
[Result "1/2-1/2"]
[WhiteTitle "GM"]
[BlackTitle "GM"]
[WhiteElo "2667"]
[BlackElo "2670"]
[WhiteFideId "14508150"]
[BlackFideId "2905540"]
[EventDate "2019.09.25"]
[EventType "blitz"]

1. e4 e5 2. Nf3 Nc6 3. Bb5 Nf6 4. d3 Bc5 5. Nc3 O-O 6. Bxc6 dxc6 7. Be3 Bxe3 8.
fxe3 Qe7 9. Qd2 Ne8 10. O-O-O Nd6 11. Rdg1 f5 12. exf5 Bxf5 13. e4 Bg4 14. Rf1
Rf6 15. Qg5 Bxf3 16. Rxf3 Raf8 17. Rxf6 Qxf6 18. Qxf6 Rxf6 19. Nd1 c5 20. b3 Nb5
21. Kd2 Nd4 22. c3 Ne6 23. g3 Kf7 24. Ke2 Ke8 25. Ne3 Ng5 26. Ng4 Re6 27. Rf1
Nf7 28. Rf5 g6 29. Rf6 Ke7 30. Rxe6+ Kxe6 31. Ke3 h5 32. Nf2 Nd6 33. a4 a5 34.
Nh3 Kf6 35. Ng1 g5 36. h3 g4 37. hxg4 hxg4 38. Ne2 b6 39. Nc1 c6 40. c4 Ne8 41.
Ne2 Nc7 42. Kd2 Ne6 43. Ke3 Kg5 44. Kd2 Nd4 45. Nxd4 exd4 46. Ke2 Kf6 47. Kd2 1/2-1/2

[Event "Chess24 Banter Blitz Cup"]
[Site "chess24.com INT"]
[Date "2020.02.25"]
[Round "3.3"]
[White "Cheparinov, Ivan"]
[Black "Saric, Ivan"]
[Result "1-0"]
[WhiteTitle "GM"]
[BlackTitle "GM"]
[WhiteElo "2670"]
[BlackElo "2667"]
[WhiteFideId "2905540"]
[BlackFideId "14508150"]
[EventDate "2019.09.25"]
[EventType "blitz"]

1. d4 Nf6 2. c4 g6 3. g3 c6 4. Bg2 Bg7 5. Nf3 Qa5+ 6. Qd2 Qxd2+ 7. Bxd2 d6 8.
O-O O-O 9. Nc3 Na6 10. e4 e5 11. d5 Nc5 12. Rfe1 a5 13. b3 Bd7 14. Bf1 Rfc8 15.
Rac1 Bf8 16. Bg5 Kg7 17. Nd2 h6 18. Be3 cxd5 19. Nxd5 Nxd5 20. cxd5 b5 21. Rc2
Na6 22. Rec1 Rxc2 23. Rxc2 Be7 24. a3 Bd8 25. f4 f6 26. Be2 h5 27. h4 Rb8 28.
Kf2 Bb6 29. Bxb6 Rxb6 30. Ke3 Kf7 31. Bd3 Ke7 32. Be2 Nc5 33. b4 axb4 34. axb4
Na6 35. Rb2 Rb8 36. Nb1 Rc8 37. Kd2 f5 38. exf5 gxf5 39. Nc3 Rg8 40. Nxb5 Rxg3
41. Nc3 Rg2 42. Ke1 exf4 43. Rb3 Nc7 44. b5 f3 45. Bxf3 Rg1+ 46. Kf2 Rc1 47. b6
Na6 48. b7 Nb8 49. Ra3 Rc2+ 50. Ne2 f4 51. Ra8 Bb5 52. Rxb8 Bxe2 53. Re8+ Kxe8
54. b8=Q+ Ke7 55. Qa7+ Kf6 56. Bxe2 Kf5 57. Qd4 f3 58. Qd3+ Kg4 59. Qxc2 Kxh4
60. Qd3 Kg5 61. Qxf3 Kg6 62. Qg3+ Kf6 63. Qxd6+ Kf7 64. Qh2 Kf8 65. Qxh5 1-0

[Event "Chess24 Banter Blitz Cup"]
[Site "chess24.com INT"]
[Date "2020.02.25"]
[Round "3.4"]
[White "Saric, Ivan"]
[Black "Cheparinov, Ivan"]
[Result "1/2-1/2"]
[WhiteTitle "GM"]
[BlackTitle "GM"]
[WhiteElo "2667"]
[BlackElo "2670"]
[WhiteFideId "14508150"]
[BlackFideId "2905540"]
[EventDate "2019.09.25"]
[EventType "blitz"]

1. e4 e5 2. Nf3 Nc6 3. Bb5 Nf6 4. d3 Bc5 5. Bxc6 dxc6 6. Nbd2 Nd7 7. Qe2 f6 8.
Nc4 Nb6 9. Be3 Qe7 10. Nfd2 Be6 11. Bxc5 Qxc5 12. Qe3 Qxe3+ 13. Nxe3 O-O-O 14.
g3 c5 15. O-O-O Rhe8 16. b3 Nd7 17. f4 Nb8 18. fxe5 fxe5 19. Rdf1 Nc6 20. Ndc4
Rf8 21. Kd2 b5 22. Nb2 a6 23. a4 Bh3 24. Rxf8 Rxf8 25. Nbd1 Nd4 26. axb5 axb5
27. Nd5 c6 28. N5e3 h5 29. c3 Nxb3+ 30. Kc2 c4 31. dxc4 Nc5 32. cxb5 cxb5 33. c4
b4 34. Nd5 Bg2 35. Re1 Bxe4+ 36. Kd2 Bxd5 37. cxd5 e4 38. Ke3 Kd7 39. Kd4 Kd6
40. Ne3 Nb3+ 41. Kc4 Nd2+ 42. Kxb4 Rb8+ 43. Kc3 Nf3 44. Ra1 Rc8+ 45. Kb4 Rb8+
46. Kc3 Rc8+ 47. Kb4 Rb8+ 48. Kc3 1/2-1/2

[Event "Chess24 Banter Blitz Cup"]
[Site "chess24.com INT"]
[Date "2020.02.25"]
[Round "3.5"]
[White "Cheparinov, Ivan"]
[Black "Saric, Ivan"]
[Result "0-1"]
[WhiteTitle "GM"]
[BlackTitle "GM"]
[WhiteElo "2670"]
[BlackElo "2667"]
[WhiteFideId "2905540"]
[BlackFideId "14508150"]
[EventDate "2019.09.25"]
[EventType "blitz"]

1. d4 Nf6 2. c4 g6 3. Nf3 Bg7 4. g3 c6 5. Bg2 Qa5+ 6. Bd2 Qa6 7. Qb3 d6 8. O-O
O-O 9. Nc3 Be6 10. d5 cxd5 11. cxd5 Bd7 12. Rfc1 Rc8 13. h3 Be8 14. Bf1 Nbd7 15.
e4 Qb6 16. Qxb6 Nxb6 17. b3 Nfd7 18. Ne1 a6 19. Rab1 Rc7 20. Nd3 Rac8 21. Nd1
Rc2 22. Bg5 Kf8 23. a4 Rxc1 24. Rxc1 Rxc1 25. Bxc1 Ne5 26. Nxe5 Bxe5 27. Be3 Nd7
28. f4 Bg7 29. Bd3 e6 30. dxe6 fxe6 31. Kf2 Ke7 32. Ke2 Nc5 33. Bc2 Bc6 34. Nf2
b5 35. axb5 Bxb5+ 36. Kd2 a5 37. e5 Nd7 38. exd6+ Kxd6 39. Ne4+ Ke7 40. Nc5 Nf6
41. Nb7 Nd5 42. Bc5+ Kd7 43. Bf2 Bc3+ 44. Kc1 Bb4 45. Nc5+ Kd6 46. Nd3 Ba3+ 47.
Kd2 Nb4 48. Bd4 Nxc2 49. Kxc2 Kd5 50. Bc3 Ke4 51. Ne5 a4 52. bxa4 Bxa4+ 53. Kd2
Bc5 54. Ng4 Bb5 55. Nf6+ Kf3 56. Nxh7 Be3+ 57. Kc2 Kxg3 58. Be5 Bxf4 0-1

[Event "Chess24 Banter Blitz Cup"]
[Site "chess24.com INT"]
[Date "2020.02.25"]
[Round "3.6"]
[White "Saric, Ivan"]
[Black "Cheparinov, Ivan"]
[Result "1/2-1/2"]
[WhiteTitle "GM"]
[BlackTitle "GM"]
[WhiteElo "2667"]
[BlackElo "2670"]
[WhiteFideId "14508150"]
[BlackFideId "2905540"]
[EventDate "2019.09.25"]
[EventType "blitz"]

1. e4 e5 2. Nf3 Nc6 3. Bb5 Nf6 4. O-O Nxe4 5. Re1 Nd6 6. Nxe5 Be7 7. Bf1 Nf5 8.
Nf3 d5 9. d4 O-O 10. c3 Bd6 11. Bd3 Re8 12. Rxe8+ Qxe8 13. Nbd2 Nce7 14. Nf1 f6
15. Qc2 g6 16. Bd2 Qf7 17. Re1 Bd7 18. Ng3 Re8 19. b3 Nxg3 20. hxg3 Bf5 21. c4
c6 22. c5 Bc7 23. b4 Bxd3 24. Qxd3 Nf5 25. g4 Ng7 26. b5 Rxe1+ 27. Bxe1 Qd7 28.
bxc6 Qxc6 29. Qa3 a6 30. Ba5 Ne6 31. Bxc7 Nxc7 32. Qb3 Kf7 33. a4 Ne6 34. g3 Qd7
35. Kg2 Qc6 36. Qb2 Qd7 37. Qb6 Qc6 38. Qb2 Qd7 39. Qb6 Qc6 40. Qb2 1/2-1/2

[Event "Chess24 Banter Blitz Cup"]
[Site "chess24.com INT"]
[Date "2020.02.25"]
[Round "3.7"]
[White "Cheparinov, Ivan"]
[Black "Saric, Ivan"]
[Result "0-1"]
[WhiteTitle "GM"]
[BlackTitle "GM"]
[WhiteElo "2670"]
[BlackElo "2667"]
[WhiteFideId "2905540"]
[BlackFideId "14508150"]
[EventDate "2019.09.25"]
[EventType "blitz"]

1. d4 Nf6 2. c4 g6 3. Nc3 Bg7 4. e4 d6 5. h3 O-O 6. Be3 e5 7. d5 Na6 8. g4 Nc5
9. f3 c6 10. b4 Na6 11. a3 cxd5 12. cxd5 Bd7 13. Bd3 h5 14. Nge2 Nh7 15. Kd2 h4
16. Kc2 Bf6 17. Kb2 Bg5 18. Qd2 Bxe3 19. Qxe3 Qg5 20. f4 exf4 21. Qxf4 Qxf4 22.
Nxf4 Ng5 23. Rae1 Rfe8 24. Re3 Kg7 25. Rhe1 Nc7 26. Kb3 a5 27. b5 Rac8 28. a4
Na8 29. e5 dxe5 30. Rxe5 Rxe5 31. Rxe5 Kf6 32. Re3 Nb6 33. Bf1 Re8 34. Rxe8 Bxe8
35. Bg2 Ke5 36. Nd3+ Kd4 37. Nb2 f5 38. gxf5 gxf5 39. d6 f4 40. Bxb7 f3 41. Nbd1
Bd7 42. Bc6 Bxh3 43. Nf2 Be6+ 44. Kc2 h3 45. Ncd1 h2 46. Kd2 Nxa4 47. d7 Bxd7
48. Bxd7 Ne4+ 49. Nxe4 h1=Q 0-1

[Event "Chess24 Banter Blitz Cup"]
[Site "chess24.com INT"]
[Date "2020.02.25"]
[Round "3.8"]
[White "Saric, Ivan"]
[Black "Cheparinov, Ivan"]
[Result "1/2-1/2"]
[WhiteTitle "GM"]
[BlackTitle "GM"]
[WhiteElo "2667"]
[BlackElo "2670"]
[WhiteFideId "14508150"]
[BlackFideId "2905540"]
[EventDate "2019.09.25"]
[EventType "blitz"]

1. e4 e5 2. Nf3 Nc6 3. Bc4 Bc5 4. d3 Nf6 5. O-O d6 6. c3 O-O 7. Nbd2 a5 8. Re1
Be6 9. h3 h6 10. Bb5 Qb8 11. Nf1 Qa7 12. Qe2 a4 13. Ng3 Bb6 14. Bxc6 bxc6 15.
Nh4 Kh7 16. Nhf5 Ng8 17. Qd2 g6 18. Nxh6 Bxf2+ 19. Qxf2 Qxf2+ 20. Kxf2 Nxh6 21.
d4 f5 22. exf5 Nxf5 23. Nxf5 Rxf5+ 24. Kg3 Bd5 25. dxe5 dxe5 26. Be3 Raf8 27. a3
Bb3 28. Re2 Rd8 29. Rae1 Rd3 30. Kh2 Bd5 31. Bc5 Kg7 32. Rxe5 Rxe5 33. Rxe5 Rd2
34. Rg5 Kf7 35. h4 Rxb2 36. h5 gxh5 37. Bd4 h4 38. Kh3 Rb3 39. Kxh4 Rxa3 40.
Rg7+ Ke6 41. Rxc7 Ra1 42. g4 a3 43. c4 Rh1+ 44. Kg5 Bxc4 45. Ra7 a2 46. Bg7 Kd5
47. Kg6 Rg1 48. g5 Rg2 49. Bf6 Bb3 50. Kg7 c5 51. Kh6 c4 52. g6 Rh2+ 53. Kg7 Rg2
54. Kh6 Bc2 55. g7 Bb3 56. Kh7 Rh2+ 57. Kg6 Rg2+ 58. Kf7 Ke4 59. g8=Q c3+ 60.
Ke7 Rxg8 61. Bxc3 Kd3 62. Bf6 Kc2 63. Kd6 Kb1 64. Rc7 Rg6 65. Rb7 Rxf6+ 66. Ke5
a1=Q+ 67. Ke4 Qc3 68. Rxb3+ Qxb3 69. Ke5 1/2-1/2

[Event "Chess24 Banter Blitz Cup"]
[Site "chess24.com INT"]
[Date "2020.02.25"]
[Round "3.9"]
[White "Cheparinov, Ivan"]
[Black "Saric, Ivan"]
[Result "0-1"]
[WhiteTitle "GM"]
[BlackTitle "GM"]
[WhiteElo "2670"]
[BlackElo "2667"]
[WhiteFideId "2905540"]
[BlackFideId "14508150"]
[EventDate "2019.09.25"]
[EventType "blitz"]

1. d4 Nf6 2. c4 g6 3. g3 c6 4. Bg2 Bg7 5. Nf3 Qa5+ 6. Bd2 Qa6 7. Qb3 Ne4 8. O-O
Nxd2 9. Nbxd2 d6 10. h3 O-O 11. e4 Qb6 12. Qd3 c5 13. Nb3 Nc6 14. d5 Ne5 15.
Nxe5 Bxe5 16. Rab1 Bg7 17. f4 e6 18. Nd2 Qa6 19. dxe6 fxe6 20. e5 d5 21. Qc2 Rd8
22. a3 b5 23. cxd5 exd5 24. Qxc5 Be6 25. Nf3 Rac8 26. Qe3 d4 27. Qf2 d3 28. Ng5
Bb3 29. Kh2 Rc2 30. Qf3 Bd5 31. Ne4 Qc6 0-1

[Event "Chess24 Banter Blitz Cup"]
[Site "chess24.com INT"]
[Date "2020.02.25"]
[Round "3.10"]
[White "Saric, Ivan"]
[Black "Cheparinov, Ivan"]
[Result "0-1"]
[WhiteTitle "GM"]
[BlackTitle "GM"]
[WhiteElo "2667"]
[BlackElo "2670"]
[WhiteFideId "14508150"]
[BlackFideId "2905540"]
[EventDate "2019.09.25"]
[EventType "blitz"]

1. e4 c5 2. Nf3 d6 3. d4 cxd4 4. Nxd4 Nf6 5. Nc3 a6 6. a3 e5 7. Nf5 d5 8. Bg5 d4
9. Bxf6 gxf6 10. Nb1 Bxf5 11. exf5 Qd5 12. Qd3 Nd7 13. b4 e4 14. Nc3 Qxf5 15.
Qxe4+ Qe5 16. f4 Qxe4+ 17. Nxe4 O-O-O 18. O-O-O Nb6 19. g3 Be7 20. Bh3+ Kb8 21.
Rhe1 Nc4 22. Rd3 Rhe8 23. Red1 f5 24. Nc5 Bxc5 25. bxc5 Re2 26. Rxd4 Rxd4 27.
Rxd4 Nxa3 28. Bxf5 Rxh2 29. Rd8+ Ka7 30. Rd7 Kb8 31. Rxf7 h5 32. Be4 Re2 33.
Rxb7+ Kc8 34. Re7 Kd8 35. Re5 Nc4 36. Rd5+ Kc7 37. Bd3 Re1# 0-1

[Event "Chess24 Banter Blitz Cup"]
[Site "chess24.com INT"]
[Date "2020.02.25"]
[Round "3.11"]
[White "Cheparinov, Ivan"]
[Black "Saric, Ivan"]
[Result "1-0"]
[WhiteTitle "GM"]
[BlackTitle "GM"]
[WhiteElo "2670"]
[BlackElo "2667"]
[WhiteFideId "2905540"]
[BlackFideId "14508150"]
[EventDate "2019.09.25"]
[EventType "blitz"]

1. Nf3 d5 2. d4 Nf6 3. c4 e6 4. g3 Bb4+ 5. Bd2 Be7 6. Bg2 O-O 7. O-O c6 8. Qc2
Nbd7 9. Rd1 b6 10. Bf4 Nh5 11. Bd2 Nhf6 12. b3 Ne4 13. Nc3 f5 14. Be1 Bb7 15. e3
Bd6 16. Rac1 g5 17. Ne5 Nxe5 18. dxe5 Bxe5 19. Nxe4 fxe4 20. Bxe4 Qe7 21. Bg2
Qf6 22. f4 gxf4 23. exf4 Bd4+ 24. Bf2 Bxf2+ 25. Qxf2 Rad8 26. Re1 c5 27. Qe2 Bc8
28. Qg4+ Kh8 29. Re5 d4 30. Be4 Rf7 31. Re1 Rg7 32. Qh3 d3 33. Rd1 Qxf4 34.
Qxh7+ Rxh7 35. gxf4 d2 36. Bxh7 Kxh7 37. Re2 e5 38. Rdxd2 Rg8+ 39. Rg2 Re8 40.
fxe5 Rxe5 41. Rde2 Rh5 42. Re7+ Kh6 43. Reg7 Bf5 44. R2g3 Be4 45. Rxa7 Re5 46.
Ra6 Re6 47. a4 Rd6 48. a5 Rd1+ 49. Kf2 Rb1 50. Ke3 Bf5 51. Rxb6+ Kh5 52. a6 Re1+
53. Kf4 Bc8 54. Rg5+ Kh4 55. Rh6# 1-0

[Event "Chess24 Banter Blitz Cup"]
[Site "chess24.com INT"]
[Date "2020.02.25"]
[Round "3.12"]
[White "Saric, Ivan"]
[Black "Cheparinov, Ivan"]
[Result "0-1"]
[WhiteTitle "GM"]
[BlackTitle "GM"]
[WhiteElo "2667"]
[BlackElo "2670"]
[WhiteFideId "14508150"]
[BlackFideId "2905540"]
[EventDate "2019.09.25"]
[EventType "blitz"]

1. e4 e5 2. Nf3 Nc6 3. Bc4 Bc5 4. d3 Nf6 5. O-O d6 6. Re1 O-O 7. c3 a5 8. Nbd2
Be6 9. h3 h6 10. Bb5 Qb8 11. Nf1 Qa7 12. Qe2 a4 13. Ng3 Bb6 14. Bxc6 bxc6 15.
Nh4 Kh7 16. Rf1 Ng8 17. Kh1 Qb8 18. f4 Qd8 19. Nf3 exf4 20. Bxf4 Ne7 21. d4 Ng6
22. Be3 c5 23. Rfd1 Qe7 24. Qf2 cxd4 25. cxd4 Rae8 26. d5 Bxe3 27. Qxe3 Bd7 28.
Rac1 f5 29. Rxc7 f4 30. Qa7 fxg3 31. Rxd7 Qf6 32. Qd4 Ne5 33. Nxe5 Rxe5 34. Qe3
Qg6 35. Ra7 Rxe4 36. Qg1 Rf2 37. Rc1 Rh4 38. Rcc7 Rxh3+ 39. gxh3 Qe4+ 40. Qg2 0-1

[Event "Chess24 Banter Blitz Cup"]
[Site "chess24.com INT"]
[Date "2020.02.25"]
[Round "3.13"]
[White "Cheparinov, Ivan"]
[Black "Saric, Ivan"]
[Result "1-0"]
[WhiteTitle "GM"]
[BlackTitle "GM"]
[WhiteElo "2670"]
[BlackElo "2667"]
[WhiteFideId "2905540"]
[BlackFideId "14508150"]
[EventDate "2019.09.25"]
[EventType "blitz"]

1. Nf3 Nf6 2. d4 g6 3. g3 Bg7 4. Bg2 c5 5. c4 O-O 6. O-O cxd4 7. Nxd4 Nc6 8. Nc3
Qa5 9. Nc2 d6 10. Bd2 Qh5 11. e4 Qxd1 12. Rfxd1 Ne5 13. Ne3 Be6 14. b3 Rac8 15.
h3 Rfe8 16. f4 Nc6 17. Ned5 Nd7 18. Rac1 f5 19. exf5 gxf5 20. Re1 Bf7 21. Ne3 e6
22. Nb5 Bf8 23. Bc3 a6 24. Nxd6 Bxd6 25. Rcd1 Bc5 26. Rxd7 Red8 27. Rxd8+ Rxd8
28. Bf1 Nd4 29. Rd1 Bh5 30. Rd3 Be2 31. Bxd4 Bxd3 32. Bxc5 Bxf1 33. Kxf1 Rd2 34.
a4 Rb2 35. b4 Kf7 36. a5 Rb3 37. Ke2 h5 38. Kf3 Rb2 39. h4 Rb3 40. Ke2 Rb2+ 41.
Ke1 Rb3 42. Kd2 Rb2+ 43. Nc2 Rb3 44. Be3 Ke7 45. Ke2 Rb2 46. Kd3 Rb3+ 47. Kd2
Rb2 48. Bd4 Ra2 49. Bc3 b6 50. axb6 1-0

[Event "Chess24 Banter Blitz Cup"]
[Site "chess24.com INT"]
[Date "2020.02.25"]
[Round "3.14"]
[White "Saric, Ivan"]
[Black "Cheparinov, Ivan"]
[Result "1-0"]
[WhiteTitle "GM"]
[BlackTitle "GM"]
[WhiteElo "2667"]
[BlackElo "2670"]
[WhiteFideId "14508150"]
[BlackFideId "2905540"]
[EventDate "2019.09.25"]
[EventType "blitz"]

1. e4 e5 2. Nf3 Nc6 3. Bb5 Nf6 4. d3 Bc5 5. Bxc6 dxc6 6. Nbd2 Nd7 7. O-O O-O 8.
c3 Bd6 9. d4 Re8 10. Re1 f6 11. Nc4 exd4 12. Nxd6 cxd6 13. cxd4 d5 14. exd5 cxd5
15. Rxe8+ Qxe8 16. Bf4 Nb6 17. Qb3 Be6 18. a4 Qd7 19. a5 Nc4 20. h3 Rc8 21. Qb4
Rc6 22. b3 Nd6 23. Bxd6 Rxd6 24. Rc1 Rc6 25. Rxc6 Qxc6 26. Qe7 Qd7 27. Qc5 a6
28. Ne1 Bf5 29. Nf3 h5 30. Nd2 Kh7 31. Nf1 Be6 32. Ne3 Kg6 33. h4 Kh7 34. Qb6
Kg6 35. g3 Qc8 36. Kg2 Bh3+ 37. Kh2 Be6 38. Qd6 Qd7 39. Qxd7 Bxd7 40. Nxd5 Kf5
41. f3 g5 42. Ne3+ Ke6 43. b4 Bb5 44. Kg2 Bd3 45. g4 hxg4 46. fxg4 gxh4 47. Kh3
f5 48. gxf5+ Bxf5+ 49. Kxh4 Be4 50. Kg5 Bc6 51. Kf4 Kd6 52. Kf5 Bd7+ 53. Ke4 Be8
54. d5 Bg6+ 55. Kd4 Bh7 56. Nc4+ Kc7 57. Kc5 Bd3 58. d6+ Kd8 59. Ne5 Be4 60. Kb6
Kc8 61. Kc5 Kd8 62. Kd4 Bg2 63. Nd3 Kd7 64. Ke5 Kd8 65. Nc5 Bc6 66. Ke6 Bf3 67.
d7 1-0

[Event "Chess24 Banter Blitz Cup"]
[Site "chess24.com INT"]
[Date "2020.02.25"]
[Round "3.15"]
[White "Cheparinov, Ivan"]
[Black "Saric, Ivan"]
[Result "1-0"]
[WhiteTitle "GM"]
[BlackTitle "GM"]
[WhiteElo "2670"]
[BlackElo "2667"]
[WhiteFideId "2905540"]
[BlackFideId "14508150"]
[EventDate "2019.09.25"]
[EventType "blitz"]

1. d4 Nf6 2. Nf3 c5 3. d5 d6 4. c4 g6 5. Nc3 Bg7 6. e4 O-O 7. Be2 e6 8. O-O Re8
9. h3 exd5 10. exd5 Ne4 11. Nxe4 Rxe4 12. Bd3 Re8 13. Qc2 Na6 14. a3 Bd7 15. Bg5
Bf6 16. Bf4 Qe7 17. Rae1 Qf8 18. b3 Nc7 19. Nd2 Be7 20. Ne4 Rac8 21. Qd2 f5 22.
Bh6 Qf7 23. Ng5 Qf6 24. Nf3 Bf8 25. Bxf8 Rxf8 26. Qg5 Qxg5 27. Nxg5 Rce8 28. f4
h6 29. Nf3 b5 30. Rxe8 Rxe8 31. Re1 Rd8 32. Re7 bxc4 33. bxc4 Ne8 34. Nh4 g5 35.
fxg5 hxg5 36. Nxf5 Kf8 37. Rh7 Kg8 38. Nh6+ Kf8 39. Rf7# 1-0

[Event "Chess24 Banter Blitz Cup"]
[Site "chess24.com INT"]
[Date "2020.03.01"]
[Round "3.1"]
[White "Grandelius, Nils"]
[Black "Christiansen, Johan-Sebastian"]
[Result "1-0"]
[WhiteTitle "GM"]
[BlackTitle "GM"]
[WhiteElo "2691"]
[BlackElo "2558"]
[WhiteFideId "1710400"]
[BlackFideId "1512668"]
[EventDate "2019.09.25"]
[EventType "blitz"]

1. e4 c5 2. Nf3 Nc6 3. Bb5 d6 4. O-O Bd7 5. c3 a6 6. Ba4 Nf6 7. Re1 e6 8. d4
cxd4 9. cxd4 Be7 10. Nc3 O-O 11. h3 Rc8 12. Be3 Na5 13. Bc2 Nc4 14. Bc1 b5 15.
a3 Bc6 16. d5 Bb7 17. Nd4 Qd7 18. Qf3 Ne5 19. Qg3 Ng6 20. dxe6 fxe6 21. Bb3 d5
22. exd5 exd5 23. Bg5 Kh8 24. Ne6 Rf7 25. Rad1 Nh5 26. Qg4 Nf6 27. Bxf6 Bxf6 28.
Nxd5 Qc6 29. Nb4 Qb6 30. Ng5 Rff8 31. Nf7+ Kg8 32. Nd6+ Kh8 33. Nxc8 Bxc8 34.
Be6 Bb7 35. Bd5 Ne5 36. Qe4 Bc8 37. Qe3 Qc7 38. Be4 Nc4 39. Qe2 Qb6 40. Nd5 Qc5
41. Nxf6 gxf6 42. Rd5 Qc7 43. Rh5 f5 44. Bd5 Qg7 45. Qe7 Nxb2 46. Qxg7+ Kxg7 47.
Re7+ Kf6 48. Rhxh7 Nd3 49. g3 a5 50. f4 Kg6 51. Reg7+ Kf6 52. Rc7 Kg6 53. Rhg7+
Kf6 54. h4 Be6 55. Bxe6 Kxe6 56. Rge7+ Kf6 57. Red7 Nxf4 58. gxf4 Rg8+ 59. Kf2
Kg6 60. Rd5 Kh5 61. Rxf5+ Kg4 62. Rg5+ Kxf4 63. Rxg8 Ke4 64. Rb8 Kd3 65. Rxb5 a4
66. Rb6 Ke4 67. Rd6 Kf5 68. Rd8 Ke5 69. Kf3 Kf5 70. Re7 Kg6 71. Rd5 Kf6 72. Re4
Kf7 73. Kf4 Kg7 74. Rf5 Kg6 75. Re6+ Kh7 76. Ref6 Kh8 77. Rg5 Kh7 78. Re6 Kh8
79. Rh6# 1-0

[Event "Chess24 Banter Blitz Cup"]
[Site "chess24.com INT"]
[Date "2020.03.01"]
[Round "3.2"]
[White "Christiansen, Johan-Sebastian"]
[Black "Grandelius, Nils"]
[Result "0-1"]
[WhiteTitle "GM"]
[BlackTitle "GM"]
[WhiteElo "2558"]
[BlackElo "2691"]
[WhiteFideId "1512668"]
[BlackFideId "1710400"]
[EventDate "2019.09.25"]
[EventType "blitz"]

1. d4 Nf6 2. c4 e6 3. Nc3 Bb4 4. e3 b6 5. Ne2 Bb7 6. a3 Be7 7. Ng3 d5 8. cxd5
exd5 9. Bd3 O-O 10. O-O Re8 11. b4 c6 12. Re1 a5 13. b5 c5 14. Nf5 Bf8 15. Bd2
g6 16. Ng3 Nbd7 17. Qf3 Rc8 18. h3 Bg7 19. Rad1 Qe7 20. a4 Nf8 21. Bb1 Ne6 22.
Nge2 Ng5 23. Qg3 Nge4 24. Nxe4 Nxe4 25. Bxe4 dxe4 26. Bc3 Red8 27. dxc5 Rxd1 28.
Rxd1 Bxc3 29. Nxc3 Qxc5 30. Ne2 Bd5 31. Nd4 h5 32. Qf4 Re8 33. Kh2 Qb4 34. g4
hxg4 35. hxg4 Qxa4 36. Rh1 Qb4 37. Kg2 Qe7 38. g5 Qe5 39. Qh4 a4 40. Ra1 Bb3 41.
Rh1 Bc4 42. Ra1 Bxb5 43. Rb1 Bd7 44. Rxb6 Ra8 45. Rb7 Be8 46. Rb2 Ra5 47. Kf1
Qxg5 48. Qxg5 Rxg5 49. Rb8 Kf8 50. Ra8 Rc5 51. Ke2 Ke7 52. Kf1 Bd7 53. Kg2 g5
54. Kg3 f6 55. Ra7 Rc1 56. Nf5+ Ke6 57. Nd4+ Kd6 58. Ra6+ Ke7 59. Ra7 Rg1+ 60.
Kh2 Rb1 61. Kg3 Rb2 62. Nf5+ Ke6 63. Nd4+ Kd6 64. Ra6+ Ke7 65. Ra7 Rd2 66. Nf5+
Ke6 67. Nd4+ Kd6 68. Ra6+ Ke7 69. Ra7 Rd3 70. f3 Rxe3 71. Nf5+ Ke6 72. Nxe3 exf3
73. Nc2 f5 74. Kxf3 Bc6+ 75. Kf2 f4 76. Nb4 g4 77. Nxc6 g3+ 78. Kf3 Kd5 79. Ra6
Kc5 80. Kg2 Kb5 81. Ra5+ Kxc6 82. Rxa4 Kd6 83. Kf3 g2 84. Rxf4 g1=Q 85. Rg4 Qd1+
86. Ke4 Qb3 87. Kf5 Ke7 88. Re4+ Kd8 89. Kf4 Qb5 90. Re5 Qc6 91. Rd5+ Qxd5 92.
Ke3 Qd6 0-1

[Event "Chess24 Banter Blitz Cup"]
[Site "chess24.com INT"]
[Date "2020.03.01"]
[Round "3.3"]
[White "Grandelius, Nils"]
[Black "Christiansen, Johan-Sebastian"]
[Result "1-0"]
[WhiteTitle "GM"]
[BlackTitle "GM"]
[WhiteElo "2691"]
[BlackElo "2558"]
[WhiteFideId "1710400"]
[BlackFideId "1512668"]
[EventDate "2019.09.25"]
[EventType "blitz"]

1. e4 e5 2. Nf3 Nc6 3. Bb5 f5 4. d3 fxe4 5. dxe4 Nf6 6. Qd3 Bb4+ 7. Bd2 Bxd2+ 8.
Nbxd2 d6 9. Qc4 Qe7 10. Bxc6+ bxc6 11. Qxc6+ Qd7 12. Qxa8 O-O 13. Qxa7 Nh5 14.
Qe3 Nf4 15. Rg1 Ba6 16. h4 Qb5 17. Qb3+ Kh8 18. Qxb5 Bxb5 19. a4 Ba6 20. b3 Ne6
21. O-O-O Rb8 22. Rge1 Nf4 23. g3 Ne6 24. Re3 Nd8 25. Rc3 Ne6 26. Nc4 Nc5 27.
Ncxe5 Nxe4 1-0